| 000 | 00519nam a2200157 4500 | ||
|---|---|---|---|
| 082 | _aBSCS-3 DAN | ||
| 100 | _aDanyyal Ahmed Khalid | ||
| 245 | _aZauriel: HR Hiring prototype for automated psychological profiling | ||
| 260 |
_aIslamabad _bNUST-SEECS _c2017 |
||
| 300 |
_a49p. _eCD Includes |
||
| 563 | _aa | ||
| 856 | _uhttp://10.250.8.41:8080/xmlui/handle/123456789/20720 | ||
| 942 |
_2ddc _cTHE |
||
| 999 |
_c331469 _d331469 |
||